000
00267nam a22001217a 4500
999
_c
157796
_d
157796
082
_a
_b
100
_a
Norman R F Maier
245
_a
Psychology in industry/
_c
by Norman R F Maier.
260
_a
_b
Oxford,
_c
1970.
300
_a
717p.
650
_a
942
_c
BK